000 00988nam a2200301 a 4500
999 _c69
_d69
001 69
003 BD-JhCC
005 20180122171311.0
008 831102s1984 coua 001 0 eng
020 _a0865315264 :
_c$18.50 (est.)
035 _a(BD-JhCC)69
040 _aDLC
_cDLC
_dDLC
_dBD-JhCC
041 _aeng
050 0 0 _aZ699
_b.G56 1984
082 0 0 _a025.5/24
_219
_bGIL 1984
100 1 _aGilreath, Charles L.
245 1 0 _aComputerized literature searching :
_bresearch strategies and databases /
_cCharles L. Gilreath.
260 _aBoulder, Colo. :
_bWestview Press,
_c1984.
300 _axiv, 177 p. :
_bill. ;
_c24 cm.
440 0 _aWestview special studies in information science and management
500 _aIncludes index.
650 0 _aOnline bibliographic searching.
650 0 _aMachine-readable bibliographic data.
650 0 _aInformation retrieval.
650 0 _aResearch
_xMethodology
_xData processing.
942 _2ddc
_cBK